000 00510nam a22001577a 4500
008 090421t xxu||||| |||| 00| 0 eng d
082 _222
_a620.112
_bFAH
100 _93983
_aFahlman, Bradley D.
245 _aMaterials chemistry /
_c by Bradley D. Fahlman.
260 _a [London] :
_b Springer,
_c2007
300 _a xi, 485 p. :
_b ill. ;
_c25 cm.
500 _aIncludes index.
650 _93984
_aMaterials
_x-- Analysis.
650 _93985
_aMaterials
_v-- Problems, exercises, etc.
942 _2ddc
_cARCH
999 _c11366
_d11366